Law Society's Gazette (Record no. 118518)

MARC details
000 -LEADER
fixed length control field 00693cas a22002175a 4500
001 - CONTROL NUMBER
control field ##L98770
008 - FIXED-LENGTH DATA ELEMENTS--GENERAL INFORMATION
fixed length control field 070612c1993 xxkwr p 0 a0eng
022 1# - INTERNATIONAL STANDARD SERIAL NUMBER
International Standard Serial Number 0262-1495
035 ## - SYSTEM CONTROL NUMBER
System control number (Sirsi) u98770
041 0# - LANGUAGE CODE
Language code of text/sound track or separate title eng
110 2# - MAIN ENTRY--CORPORATE NAME
Corporate name or jurisdiction name as entry element Law Society of England and Wales
9 (RLIN) 1639
245 00 - TITLE STATEMENT
Title Law Society's Gazette
Medium [Electronic resource]
260 3# - PUBLICATION, DISTRIBUTION, ETC.
Place of publication, distribution, etc. London
Name of publisher, distributor, etc. Law Society
Date of publication, distribution, etc. 1903-
362 0# - DATES OF PUBLICATION AND/OR SEQUENTIAL DESIGNATION
Dates of publication and/or sequential designation January 1971-
520 ## - SUMMARY, ETC.
Summary, etc. No physical copies kept in RICS library
651 #4 - SUBJECT ADDED ENTRY--GEOGRAPHIC NAME
Geographic name United Kingdom
690 ## - LOCAL SUBJECT ADDED ENTRY--TOPICAL TERM (OCLC, RLIN)
Topical term or geographic name as entry element MANAGEMENT-BUSINESS MANAGEMENT-PROFESSIONAL PRACTICE
856 48 - ELECTRONIC LOCATION AND ACCESS
Uniform Resource Identifier <a href="https://www.lawgazette.co.uk/">https://www.lawgazette.co.uk/</a>
Public note Available at https://www.lawgazette.co.uk/
942 ## - ADDED ENTRY ELEMENTS (KOHA)
Suppress in OPAC 0
Source of classification or shelving scheme Dewey Decimal Classification
948 ## - LOCAL PROCESSING INFORMATION (OCLC); SERIES PART DESIGNATOR (RLIN)
c (OCLC) 09/03/1994
Holdings
Withdrawn status Lost status Source of classification or shelving scheme Damaged status Not for loan Home library Current library Shelving location Date acquired Total Checkouts Date last seen Koha item type Public note
    Other/Generic Classification Scheme     Virtual Virtual Online 11/08/2004   06/08/2019 Journal No physical copies kept by RICS